000 00929nam a22002651u 4500
001 06052
003 HDC
007 cr bn ---
008 210122p xx fo d 00 engg
040 _aHDC
100 _aDr. Tabassum KHAN
_96349
245 0 _aHarnessing the creation of new consumer products through R&D and Innovation /
_cby Dr. Tabassum KHAN
260 _a[No place] :
_b[publisher not identified],
_c2014
300 _a10 pages :
_bIllustrations
336 _atext
_2rdacontent
337 _acomputer
_2rdamedia
338 _aonline resource
_2rdacarrier
650 _aHalal food
_950
650 _aHalal industry
_9144
650 _aProduct Research & Development
_96350
856 _zRequest full-text at [email protected]
942 _2lcc
942 _cSLIDE
942 _kSLID 000660
999 _c3376
_d3376